000 01384nab a22002297a 4500
999 _c5461
_d5461
003 OSt
005 20251113103753.0
008 190604e xxu||||| |||| 00| 0 spa d
040 _cPJ
100 _96464
_aMassini Ezcurra, Martín
245 1 3 _aEl decreto 138/2025 :
_bmonopolio y desregulación de sociedades de autores /
_cFarini Duggan, Tomás
260 _aCiudad Autónoma de Buenos Aires :
_bThomson Reuters La Ley,
_c2025.
300 _ap. 48-57
500 _aCita Online: TR LALEY AR/DOC/1117/2025.
505 _tSumario: Sumario: I. Introducción.— II. Art. 1° del dec. 138/2025: monopolio versus competencia o gestión individual.— III. Modos de utilización de las obras. Gestión colectiva ¿indispensable?— IV. Algunos argumentos a favor de las sociedades autorales monopólicas.— V. Selección de algunos temas del resto del articulado del dec. 138/2025.— VI. ¿Qué pasa con las SGCDAyC existentes de ahora en más?— VII. Conclusiones.— VIII. Bibliografía.
505 _t¿Te interesa el texto completo? Solicitalo al correo: koha@justierradelfuego.gov.ar
650 0 _93459
_aDERECHOS DE AUTOR
650 0 _94665
_aMONOPOLIO
650 0 _93458
_aPROPIEDAD INTELECTUAL
773 0 _02714
_93171
_dCiudad Autónoma de Buenos Aires : Thomson Reuters La Ley, 2014-
_tRevista anales de legislación argentina. Nº 6 - Junio 2025.
942 _2udc
_cANA